000 00874nas a2200289 4500
001 BR9903169
003 BR-BrBNA
005 20231205101451.0
007 ta
008 230509b bl.|||p| |||| 00| 00por d
040 _aBR-BrBNA
_bpor
_cBiblioteca Nacional de Agricultura
041 _a(Pt)
072 _aL01
100 1 _aPerlin, T.A.
245 1 _aValor nutricional de farinha de soja e mel, farinha lactea e acucar em colmeias de abelhas (Apis mellifera)na producao de geleia real
650 _aAbelha
650 _aColmeia
650 _aSuplemento Alimentar
650 _aSoja
650 _aFarinha
650 _aMel
650 _aValor Nutritivo
650 _aRio Grande do Sul
773 0 _tCiencia Rural (Brazil)
_xISSN 0103-8478
_g(May-Jun 1999), v. 29(2) p. 345-347
_wBR9903169
909 _a202311
_bLúcia
_c55
_dLúcia Elande
942 _2AGRIS
_n0
_cANA
999 _c162031
_d162031